000 00529ntaaa2200181 4500
003 01
005 20251027202636.0
008 0714s1973 ag 01
040 _aAR-BaBN
_bspa
_cAR-BaBN
_eaacr
_dRIC
082 _a372.21 V82
100 _aVissicchio, G.
_925793
245 _aProgramas para jardín de infantes /
_cG. Vissicchio, D. Romano
260 _aBuenos Aires :
_bEdit. La Ilustración,
_c[19--]
300 _a141 p.
500 _aBAJA PATRIMONIAL POR OBSOLESCENCIA 20190405
700 _aRomano, D.
_925794
942 _cBK
999 _c21576
_d21576